Statistiques concernant Artistes et écrivains du métro parisien

Cliquez ici pour prendre le quiz!

Statistiques générales

  • Ce quiz a été pris 48 fois
  • Le résultat moyen est 5 sur 17

Statistiques - réponses

Ligne(s)ArtDatesNom% Correct
2Poète et écrivain1802-1885Victor Hugo
91%
10Écrivain1840-1902Avenue Émile-Zola (Émile Zola)
57%
5Peintre1881-1973Bobigny - Pablo Picasso
57%
9Écrivain et philosophe1694-1778Voltaire (François-Marie Arouet, dit)
48%
2Écrivain1802-1870Alexandre Dumas
43%
1-8Écrivain et philosophe1713-1784Reuilly - Diderot (Denis Diderot)
37%
3Écrivain1844-1924Anatole France
33%
2-12Sculpteur1769-1796Pigalle (Jean-Baptiste Pigalle)
28%
12Poète1913-2008Aimé Césaire
26%
9-10Sculpteur et peintre1475-1564Michel-Ange - Auteuil et Michel-Ange - Molitor
26%
7Poète et écrivain1897-1982Villejuif - Louis Aragon
13%
5Écrivain1903-1976Bobigny - Raymond Queneau
11%
6Poète1803-1875Edgar Quinet
9%
6Sculpteur et peintre1831-1900Falguière (Alexandre Falguière)
9%
9Poète1798-1864Jasmin (Jacques Boé, dit)
7%
13Écrivain1509-1546Malakoff - Rue Étienne-Dolet (Étienne Dolet)
7%
8Poète1337-1410Saint-Sébastien - Froissart (Jean Froissart)
2%

Distribution des résultats

Percentile par nombre de réponses

% des personnes avec chaque résultat

Votre développement - résultats

Vous n’avez pas pris ce quiz